Obálka Náhled e-knihy:
Epub
Pro půjčování e-knih musíte být přihlášeni.
Jak si půjčit online?

Tom Sawyer Abroad /

Tom Sawyer Abroad is a novel by Mark Twain published in 1894. It features Tom Sawyer & Huckleberry Finn in a parody of Jules Verne-esque adventure stories. In the story, Tom, Huck & Jim set sail to Africa in a futuristic hot air balloon, where they survive encounters with lions, robb...

Celý popis

Uloženo v:
Hlavní autor: Twain, Mark (Autor)
Médium: E-kniha
Jazyk:Czech
Vydáno: Praha : Saga Egmont, 2020
Tagy:
Žádné tagy
LEADER 01408nam a22002297i 4500
001 313946
007 ta
008 260625s2020 xr ||||| |||| 00| 0 cze d
020 |a 9990003824622 
044 |a xr 
100 1 |a  Twain, Mark  |4 aut 
245 1 0 |a Tom Sawyer Abroad /  |c  Twain, Mark 
264 1 |a Praha :  |b Saga Egmont,  |c 2020 
300 |a 1 online zdroj (268 stran) 
336 |a text  |b txt  |2 rdacontent 
337 |a bez média  |b n  |2 rdamedia 
338 |a online zdroj  |b cr  |2 rdacarrier 
520 2 |a Tom Sawyer Abroad is a novel by Mark Twain published in 1894. It features Tom Sawyer & Huckleberry Finn in a parody of Jules Verne-esque adventure stories. In the story, Tom, Huck & Jim set sail to Africa in a futuristic hot air balloon, where they survive encounters with lions, robbers & fleas to see some of the world's greatest wonders, including the Pyramids & the Sphinx. Like Adventures of Huckleberry Finn & Tom Sawyer, Detective, the story is told using the 1st-person narrative voice of Huck Finn. 
910 |a RBIT002 
998 |d 382462  |a https://core.palmknihy.cz/api/books/382462/cover?th51cc  |b https://core.palmknihy.cz/api/books/382462/cover/400?th51cc  |c https://core.palmknihy.cz/api/books/382462/cover/50?th51cc  |e   |g 268  |i 9990003824622  |j https://core.palmknihy.cz/api/books/382462/preview.epub  |l   |q 49  |r 1  |s https://www.palmknihy.cz/kniha/382462  |t ebook  |y 2020  |z 1 
999 |d 313944